Waterpower resources near Petersburg and Juneau, southeastern Alaska; (Record no. 29622)
[ view plain ]
| 000 -LEADER | |
|---|---|
| fixed length control field | 00977cam a22002651 4500 |
| 001 - CONTROL NUMBER | |
| control field | gs 62000193 |
| 003 - CONTROL NUMBER IDENTIFIER | |
| control field | DLC |
| 005 - DATE AND TIME OF LATEST TRANSACTION | |
| control field | 20260227111411.0 |
| 008 - FIXED-LENGTH DATA ELEMENTS--GENERAL INFORMATION | |
| fixed length control field | 770317s1962 dcuab b f00000 eng c |
| 010 ## - LIBRARY OF CONGRESS CONTROL NUMBER | |
| LC control number | gs 62000193 //r883 |
| 040 ## - CATALOGING SOURCE | |
| Original cataloging agency | U.S. Geol. Survey. Libr. |
| Transcribing agency | ak |
| Modifying agency | DLC |
| 043 ## - GEOGRAPHIC AREA CODE | |
| Geographic area code | n-us-ak |
| 050 0# - LIBRARY OF CONGRESS CALL NUMBER | |
| Classification number | TC801 |
| Item number | .U2 no. 1529 |
| 051 ## - LIBRARY OF CONGRESS COPY, ISSUE, OFFPRINT STATEMENT | |
| Classification number | TC424.A4 |
| Item number | J6 |
| Copy information | Copy 2. |
| 100 10 - MAIN ENTRY--PERSONAL NAME | |
| Personal name | Johnson, F. A. |
| Fuller form of name | (Frederick Ashby), |
| Dates associated with a name | 1903- |
| 245 10 - TITLE STATEMENT | |
| Title | Waterpower resources near Petersburg and Juneau, southeastern Alaska; |
| Remainder of title | a discussion of potential development of power on 12 Alaskan streams. |
| 260 0# - PUBLICATION, DISTRIBUTION, ETC. | |
| Place of publication, distribution, etc. | Washington, |
| Name of publisher, distributor, etc. | U.S. Govt. Print. Off., |
| Date of publication, distribution, etc. | 1962. |
| 300 ## - PHYSICAL DESCRIPTION | |
| Extent | v, 102 p. |
| Other physical details | illus., maps, diagr., tables. |
| Dimensions | 24 cm. |
| 490 1# - SERIES STATEMENT | |
| Series statement | United States. Geological Survey. Water-supply paper |
| Volume/sequential designation | 1529 |
| 504 ## - BIBLIOGRAPHY, ETC. NOTE | |
| Bibliography, etc. note | Bibliography: p. 99. |
| 650 #0 - SUBJECT ADDED ENTRY--TOPICAL TERM | |
| Topical term or geographic name entry element | Water-power |
| Geographic subdivision | Alaska. |
| 650 #0 - SUBJECT ADDED ENTRY--TOPICAL TERM | |
| Topical term or geographic name entry element | Stream measurements |
| Geographic subdivision | Alaska. |
| 830 #0 - SERIES ADDED ENTRY--UNIFORM TITLE | |
| Uniform title | Geological Survey water-supply paper ; |
| Volume/sequential designation | 1529. |
No items available.